000 01043nam a2200265Ia 4500
003 GCL
008 140319s9999 xx 000 0 ara d
040 _aGCL /
_cGCL
082 0 4 _a320.9
_bع د
100 1 _aنيفين مسعد
245 1 0 _aالدولة العربية فى مهب الريح :
_bدراسة فى الفكر السياسى عند برهان غليون /
_cنيفين مسعد
700 1 _aعبدالسلام طويل
250 _aالاولى
260 _aالقاهرة :
_bمركز القاهرة لدراسات حقوق الانسان ،
_c2006
300 _a489 ص ؛
_c24 سم
490 _aسلسلة اطروحات جامعية
_v5
650 0 4 _aالاسلام والسياسة
650 0 4 _aالحداثة
650 0 4 _aالاسلام والعلمانية
650 0 4 _aالعلمانية - البلدان العربية
650 0 4 _aبرهان غليون
650 0 4 _aالحداثة فى السياسة
650 0 4 _aالدول العربية - الاحوال السياسية
942 _2ddc
_cBK
999 _c8907
_d8907